000
00346cam a2200157ua 4500
041
_a
eng
_h
082
_a
891.54
_b
BAC/SO
100
_a
Bacchan, .
245
_a
Sopan /
_c
Bacchan.
_h
Textual Documents
250
_a
1 /
_b
.
260
_a
:
_b
Barati-Bhandar ,
_c
1965.
300
_a
304 ; .
504
_a
942
_c
BK
999
_c
3563
_d
3563